A text book modern history / (Record no. 793149)
[ view plain ]
| 000 -LEADER | |
|---|---|
| fixed length control field | 00958nam a2200313 a 4500 |
| 001 - CONTROL NUMBER | |
| control field | vtls000969222 |
| 003 - CONTROL NUMBER IDENTIFIER | |
| control field | NLI |
| 005 - DATE AND TIME OF LATEST TRANSACTION | |
| control field | 20210627095145.0 |
| 008 - FIXED-LENGTH DATA ELEMENTS--GENERAL INFORMATION | |
| fixed length control field | 120112s1954 ii 000 0 eng |
| 039 #9 - LEVEL OF BIBLIOGRAPHIC CONTROL AND CODING DETAIL [OBSOLETE] | |
| -- | 201201121808 |
| -- | Entertech_02 |
| 040 0# - CATALOGING SOURCE | |
| Original cataloging agency | NLI |
| Language of cataloging | eng |
| Transcribing agency | Entertech-2011 |
| Description conventions | AACR2 |
| 041 0# - LANGUAGE CODE | |
| Language code of text/sound track or separate title | eng |
| 044 ## - COUNTRY OF PUBLISHING/PRODUCING ENTITY CODE | |
| MARC country code | ii |
| 084 ## - OTHER CLASSIFICATION NUMBER | |
| Classification number | 108.B.195 |
| 100 1# - MAIN ENTRY--PERSONAL NAME | |
| Personal name | Venkataraman, V. |
| 9 (RLIN) | 756097 |
| 245 12 - TITLE STATEMENT | |
| Title | A text book modern history / |
| Statement of responsibility, etc. | V. Venkataraman and R. S. Chakravarty |
| 260 ## - PUBLICATION, DISTRIBUTION, ETC. | |
| Place of publication, distribution, etc. | Madras : |
| Name of publisher, distributor, etc. | Kesari Pub. House, |
| Date of publication, distribution, etc. | 1954 |
| 300 ## - PHYSICAL DESCRIPTION | |
| Extent | -v. ; |
| Dimensions | 18 cm. |
| 500 ## - GENERAL NOTE | |
| General note | Library has vol.1 and 2 |
| 505 ## - FORMATTED CONTENTS NOTE | |
| Formatted contents note | v.1. 1066-1788 -- v.2. 1788-1953 |
| 650 #0 - SUBJECT ADDED ENTRY--TOPICAL TERM | |
| Topical term or geographic name entry element | History, Modern |
| Chronological subdivision | 19th century |
| 9 (RLIN) | 695691 |
| 650 #0 - SUBJECT ADDED ENTRY--TOPICAL TERM | |
| Topical term or geographic name entry element | History, Modern |
| Chronological subdivision | 20th century |
| 9 (RLIN) | 695692 |
| 700 1# - ADDED ENTRY--PERSONAL NAME | |
| Personal name | Chackravarti , R. S. |
| 9 (RLIN) | 909571 |
| 887 ## - NON-MARC INFORMATION FIELD | |
| Content of non-MARC field | |
| 901 ## - LOCAL DATA ELEMENT A, LDA (RLIN) | |
| a | 320563 : |
| b | 7.4.1958 |
| 9 | v.1 |
| 901 ## - LOCAL DATA ELEMENT A, LDA (RLIN) | |
| a | 320575 : |
| b | 8.3.1958 |
| 9 | v.2 |
| 902 ## - LOCAL DATA ELEMENT B, LDB (RLIN) | |
| a | 108.B.195 |
| 942 ## - ADDED ENTRY ELEMENTS (KOHA) | |
| Source of classification or shelving scheme | Dewey Decimal Classification |
| Koha item type | Books |
| Withdrawn status | Lost status | Damaged status | Not for loan | Home library | Current library | Date acquired | Total Checkouts | Full call number | Date last seen | Price effective from | Koha item type |
|---|---|---|---|---|---|---|---|---|---|---|---|
| National Library of India | National Library of India | 108.B.195 | 27/06/2021 | 27/06/2021 | Books |
